00657nam a2200181 a 450000100100000000500170001000800410002702000180006804000250008610000300011124501110014126000610025230000210031349000310033470000390036571000400040483000310044400004213220201002035947.0131114s2009 gt 000 0 spa d a9789992212769 aDO-SdBNPbspacBNPHU1 aMonteforte Toledo, Mario.10aLa isla de las navajas y otros cunetos /cMario Monteforte Toledo; edición José Luis Perdomo Orellana. aGuatemala :bFundación Maria Monteporte Toledo,c2009. a157 p. ;c22 cm.1 aMario Monteforte Toledov91 aPerdomo Orellana, José Luiseed.2 aFundación Maria Monteporte Toledo 0aMario Monteforte Toledov9